000 00309nam a22001217a 4500
008 170911b xxu||||| |||| 00| 0 eng d
041 _aeng
080 _a52
100 _a42
101 _aAST
245 _aATOMS,IONS, AND MOLECULES: NEW RESULTS IN SPECTRAL LINE ASTROPHYSICS
_cHASCHICK,A.D
942 _2udc
_cBK
999 _c27039
_d27039